01144nas a2200253Ia 4500001001100000003000900011008004100020040001300061040001300074041001300087100004400100210002600144222002600170245014900196250001100345260002900356501008600385300001800471362003400489500026200523650005300785700002300838700002900861R519/L1128IT-RoPAU151124c99999999xx |||||||||||| ||und|| aIT-RoPAU cIT-RoPAU aITALIANO aRepetto AlicegCodice Aut. SPICS: 58087 aECONOMIA & MANAGEMENT aEconomia & Management aECONOMIA & MANAGEMENT, N.6 (NOVEMBRE/DICEMBRE 2004)bPer Qualche Spettatore In Piu'. Un Contributo Conoscitivo Sulla Domanda di Cinema In Italia a1a ed. aMILANObETAS LIBRIc2004 bPaulus - SPICS - Società€ San Paolo EM (non-commercial uses only)cCopyright2015 a20 p. [61-80] aN.06 (NOVEMBRE/DICEMBRE 2004) aIntroduzione: il Grado di Centralità€ del Mercato nella Cinematografia Italiana. Audiocinema: Uno Strumento di Analisi per un Nuovo Approccio al Marketing Cinematografico. Lo Spettatore Cinematografico Italiano. Uno Studio Empirico Sul Consumo di Cinema. C aPUBBLICITA' - MARKETINGvPUBBLICAZIONE PERIODICA aSalvemini Severino gCodice Aut. SPICS: 53595